NFL 2010s All Decade Team - Statistics

General Stats
  • This quiz has been taken 79 times
  • The average score is 26 of 53
Answer Stats
Position Answer % Correct
QB Tom Brady
100%
QB Aaron Rodgers
89%
WR Antonio Brown
81%
LB Chandler Jones
81%
OT Jason Peters
81%
WR Julio Jones
81%
TE Travis Kelce
81%
RB Adrian Peterson
79%
WR Calvin Johnson
79%
CB Patrick Peterson
79%
TE Rob Gronkowski
76%
DE J.J. Watt
73%
S Earl Thomas
69%
OT Joe Thomas
69%
OT Tyron Smith
68%
WR Larry Fitzgerald
65%
DT Aaron Donald
61%
RB Frank Gore
60%
RB Marshawn Lynch
58%
CB Richard Sherman
58%
KR Devin Hester
56%
RB LeSean McCoy
56%
K Justin Tucker
53%
LB Von Miller
53%
CB Darrelle Revis
47%
LB Bobby Wagner
45%
C Alex Mack
44%
OG Zack Martin
44%
LB Khalil Mack
42%
LB Luke Kuechly
42%
DT Ndamukong Suh
42%
PR Tyreek Hill
42%
LB Patrick Willis
40%
DB Chris Harris
35%
OG Jahri Evans
29%
DE Cameron Jordan
27%
FLEX Darren Sproles
27%
PR Darren Sproles
27%
DE Julius Peppers
27%
K Stephen Gostkowski
27%
OG Marshal Yanda
26%
KR Cordarrelle Patterson
24%
P Johnny Hekker
24%
DB Tyrann Mathieu
23%
DE Calais Campbell
21%
S Eric Weddle
21%
DT Geno Atkins
21%
DT Fletcher Cox
19%
S Eric Berry
18%
OT Joe Staley
18%
P Shane Lechler
18%
C Maurkice Pouncey
16%
OG Logan Mankins
11%
No matching quizzes found
Score Distribution
Percent of People with Each Score
Percentile by Number Answered
Your Score History
You have not taken this quiz